Star Wars Characters- ROTJ - Statistics

General Stats
  • This quiz has been taken 93 times
  • The average score is 21 of 33
Answer Stats
Hint Answer % Correct
Force Ghost Obi-Wan Kenobi
100%
Princess Leia Organa
99%
The Emperor Darth Sidious
97%
Dark Lord Darth Vader
97%
Jedi Knight Luke Skywalker
96%
Jedi Master Yoda
96%
Protocol Droid C-3PO
95%
Smuggler's BFF Chewbacca
95%
Smuggler Han Solo
95%
Hutt Gangster Jabba the Hutt
95%
Astromech Droid R2-D2
95%
Bounty Hunter Boba Fett
92%
Ewok Scout Wicket W. Warrick
78%
Rebel Admiral Admiral Ackbar
74%
Rebel General; Smuggler's Friend Lando Calrissian
73%
Twi'lek Majordomo Bib Fortuna
69%
Rebel Pilot Wedge Antilles
68%
Rebel De Facto Leader Mon Mothma
58%
Jabba's Slave Dancer;Killed by Rancor Oola
58%
Lead Musician at Jabba's Palace Max Rebo
53%
Rebel Sullustan; Flew with Lando at Endor Nien Nunb
45%
Imperial Admiral Admiral Piett
43%
Ewok Chief Chief Chirpa
42%
Lead Singer at Jabba's Palace Sy Snootles
42%
Ewok Shaman Logray
34%
Imperial Moff- Death Star II Moff Jerjerrod
30%
Jabba's Rancor Keeper Malakili
27%
Lead Horn Player at Jabba's Palace Droopy McCool
26%
Jabba's Main Torture Droid EV-9D9
24%
Rebel General; Led covert actions Crix Madine
23%
Jabba's Secondary Torture Droid 8D8
18%
Jabba's Rancor Pateesa
18%
Rebel General; Chief of Intelligence Airen Cracken
7%
No matching quizzes found
Score Distribution
Percent of People with Each Score
Percentile by Number Answered
Your Score History
You have not taken this quiz